| 000 | 00589nem a22001575i 4500 | ||
|---|---|---|---|
| 001 | 170031 | ||
| 003 | ES-MaACL | ||
| 005 | 20230906214252.0 | ||
| 008 | 090115s1878 fr | | | ||fre d | ||
| 111 | 2 |
_aExposition Universelle ( _d1878. _cParis) _9135143 |
|
| 245 | 1 | 0 |
_aPlan de L'Exposition Universelle [ _hMaterial cartográfico] / _cédité & offert par les Grands Magasins du Louvre á Paris. |
| 260 |
_a[Paris] : _bGrands Magasins du Louvre, _c[1878?] |
||
| 300 |
_a1 h. pleg. de map. col. ; _c18 cm. |
||
| 710 | 2 |
_aGrands Magasins du Louvre. _9139187 |
|
| 852 |
_aES-MaACL _jG-10500(2) |
||
| 999 |
_c170031 _d170031 |
||